000
00332 a2200145 4500
020
_a
972-8801-22-x
040
_a
ISPLB
082
_a
72
_b
72
100
_9
1184
_a
BAEZA,Alberto ,Campo
245
_a
a Ideia Construida
260
_a
Casal cambra,
_b
caleidoscopio
_c
2000.
300
_a
119p
650
_a
ARQUITETURA
942
_c
Livros
999
_c
2356
_d
2356